Hasteda; economic life in a Rajasthan village (Record no. 83808)

MARC details
000 -LEADER
fixed length control field 00801nam a22002411 4500
001 - CONTROL NUMBER
control field sa 68011236
003 - CONTROL NUMBER IDENTIFIER
control field DLC
005 - DATE AND TIME OF LATEST TRANSACTION
control field 20260227112559.0
008 - FIXED-LENGTH DATA ELEMENTS--GENERAL INFORMATION
fixed length control field 711115s1966 ii b 00010 eng
010 ## - LIBRARY OF CONGRESS CONTROL NUMBER
LC control number sa 68011236
025 ## - OVERSEAS ACQUISITION NUMBER
Overseas acquisition number PL480:I-E-9292
043 ## - GEOGRAPHIC AREA CODE
Geographic area code a-ii---
050 0# - LIBRARY OF CONGRESS CALL NUMBER
Classification number HN690.R3
Item number D44
100 10 - MAIN ENTRY--PERSONAL NAME
Personal name Desai, Mahendra Dahyabhai,
Dates associated with a name 1934-
245 00 - TITLE STATEMENT
Title Hasteda; economic life in a Rajasthan village
Statement of responsibility, etc. [by] M. D. Desai.
260 0# - PUBLICATION, DISTRIBUTION, ETC.
Place of publication, distribution, etc. Vallabh Vidyanagar,
Name of publisher, distributor, etc. Agro-Economic Research Centre, Sardar Vallabhbhai Vidyapeeth,
Date of publication, distribution, etc. 1966.
300 ## - PHYSICAL DESCRIPTION
Extent xx, 224 p.
Dimensions 23 cm.
440 #0 - SERIES STATEMENT/ADDED ENTRY--TITLE
Title Studies in rural problems,
Volume/sequential designation 5
504 ## - BIBLIOGRAPHY, ETC. NOTE
Bibliography, etc. note Bibliographical footnotes.
650 #0 - SUBJECT ADDED ENTRY--TOPICAL TERM
Topical term or geographic name entry element Villages
Geographic subdivision India
-- Rajasthan
General subdivision Case studies.
651 #0 - SUBJECT ADDED ENTRY--GEOGRAPHIC NAME
Geographic name Hasteda
General subdivision Social conditions.
651 #0 - SUBJECT ADDED ENTRY--GEOGRAPHIC NAME
Geographic name Hasteda
General subdivision Economic conditions.

No items available.

Powered by Koha